000
00332nam a2200133Ia 4500
008
220216s9999 xx 000 0 und d
100
_a
Lathia Yogen
245
0
_a
Indian rubber industry: Past, present and future
260
_b
Rubber India
_c
2006
300
_a
35-38
650
_a
India
650
_a
Rubber industry
942
_c
JS
999
_c
61095
_d
61095